000 00246nam a2200097Ia 4500
001 1250851
005 20251031150904.0
008 251031s9999 xx 000 0 und d
245 0 _cNİCK ARNOLD
_aİ-1 AKLIMI SEVEYİM
260 _bTİMAŞ YAYINLARI
999 _c1250851
_d1250851